Intervenciones en psicología social comunitaria : (Registro nro. 21678)
[ vista simple ]
| 000 -Cabecera | |
|---|---|
| Campo de control interno | 01132nam a2200253Ia 4500 |
| 005 - Fecha y hora del registro | |
| control field | 20260420105309.0 |
| 008 - Elementos de Longitud Fija | |
| fixed length control field | 260320s9999||||xx |||||||||||||| ||und|| |
| 020 ## - ISBN | |
| ISBN | 9789877230802 |
| 041 ## - Idioma | |
| Codigo Idioma | ESP |
| 082 ## - DEWEY y NOTACIÓN INTERNA | |
| Dewey | 302 |
| Notación Interna | Z22 |
| 100 ## - AUTOR | |
| Autor denominación | Zaldúa, Graciela, |
| Término de relación | coordinador |
| 245 #0 - TÍTULO DE MATERIAL BIBLIOGRÁFICO | |
| Título | Intervenciones en psicología social comunitaria : |
| Título paralelo | territorios, actores y políticas sociales |
| 250 ## - EDICIÓN | |
| Edición | Primera edición |
| 260 ## - CIUDAD, EDITORIAL, AÑO | |
| Ciudad | Buenos Aires : |
| Nombre de la Editorial | Teseo, |
| Año | 2016 |
| 300 ## - DESCRIPCIÓN | |
| N° Páginas | 466 páginas : |
| Dimensiones | 21 cm. |
| 650 ## - TEMAS | |
| Temas | Ciencias Sociales |
| 653 ## - DESCRIPTORES | |
| Lenguajes no controlado | Psicología social comunitaria; Servicios de salud comunitaria; Grupos en situación de vulnerabilidad |
| 654 ## - PROGRAMAS | |
| Programa | Dpto. de Humanidades |
| 856 ## - URL - UBICACIÓN | |
| URI/URL: Enlace exacto del recurso | <a href="https://ebookcentral.proquest.com/lib/catolicasp/reader.action?docID=6628181&ppg=1&c=UERG">https://ebookcentral.proquest.com/lib/catolicasp/reader.action?docID=6628181&ppg=1&c=UERG</a> |
| Nota pública: Versión digital | <a href="Versión digital">Versión digital</a> |
| 856 ## - URL - UBICACIÓN | |
| URI/URL: Enlace exacto del recurso | <a href="https://0u20vx6qe-y-https-ebookcentral-proquest-com.itmsp.museknowledge.com/lib/catolicasp/home.action">https://0u20vx6qe-y-https-ebookcentral-proquest-com.itmsp.museknowledge.com/lib/catolicasp/home.action</a> |
| Nota pública: Versión digital | <a href="Véase además: Base de datos ProQuest Ebook Central">Véase además: Base de datos ProQuest Ebook Central</a> |
| 856 ## - URL - UBICACIÓN | |
| URI/URL: Enlace exacto del recurso | <a href="https://0u20fx6u7-y-https-research-ebsco-com.itmsp.museknowledge.com/c/qxo6us/search">https://0u20fx6u7-y-https-research-ebsco-com.itmsp.museknowledge.com/c/qxo6us/search</a> |
| Nota pública: Versión digital | <a href="Véase además: Base de datos EBSCOhost">Véase además: Base de datos EBSCOhost</a> |
| 942 ## - ELEMENTOS DE KOHA | |
| Tipo de documento | Libro |
| Nombre del creador | Justo Noguera |
| Código de catalogador | Margarita Torres |
| Esquema de clasificación | Dewey Decimal Classification |
| Codigo completo | Registro | Colección | Copia número | Disponibilidad | Tipo de préstamo | Biblioteca Actual | Procedencia (Biblioteca) | Ubicacón | Fecha Ingreso | Tipo de Adquisición | Date last seen | Total checkouts | Price effective from | Tipo de Item | Estado del Material | Fuente de Clasificación | Damaged status | Withdrawn status |
|---|---|---|---|---|---|---|---|---|---|---|---|---|---|---|---|---|---|---|
| 302 Z22 | 1085225 | Universidad Católica San Pablo | 1 | Disponible | Disponible | Víctor Andrés Belaunde | Víctor Andrés Belaunde | Planta baja abierta | 30/03/2026 | Compra | 30/03/2026 | 30/03/2026 | Libro | Bueno | Dewey Decimal Classification | |||
| 302 Z22 | 1085226 | Universidad Católica San Pablo | 2 | Disponible | Disponible | Víctor Andrés Belaunde | Víctor Andrés Belaunde | Planta baja abierta | 30/03/2026 | Compra | 30/03/2026 | 30/03/2026 | Libro | Bueno | Dewey Decimal Classification |




